000 00682nab a2200193 4500
001 244442
003 OSt
005 20250805080138.0
007 tu
008 200917s2020|||||||
040 _aDE-2950
_cDE-2950
245 0 0 _aAbsurde Pläne für Gubener Vorstadt
_bGeschichte. Die Nazis wollten ganze Stadtteile von Frankfurt abreißen und sogar Teile der Oder zuschütten. Obendrein war eine riesige Polizeistation auf dem Ziegenwerder geplant/
_cLeonard Palm
264 _c2024
653 _aFrankfurt (Oder)
653 _aStadtgeschichte
653 _aGauforum
773 0 _g36. Jahrgang (2025) Nr. 174 vom 29.07.2025, S. 15 mit Foto
_tMärkische Oderzeitung
942 _2z
_cA
999 _c373933
_d373933